Statistics for Mitski - Brand New City

Click here to take the quiz!

General Stats

  • This quiz has been taken 232 times
  • The average score is 121 of 134

Answer Stats

Lyrics% Correct
I
99%
a
98%
Honey
98%
my
98%
to
98%
what
98%
you
98%
me
97%
take
97%
die
95%
is
95%
Tell
95%
look
94%
at
93%
brand
93%
city
93%
how
93%
new
93%
on
93%
think
93%
[Verse 1]Think
93%
and
92%
in
92%
myself
91%
teach
91%
move
90%
took
90%
be
88%
know
88%
alive
87%
brain
87%
heart
87%
if
87%
pretty
87%
up
87%
being
86%
gave
86%
should
86%
What'd
86%
what'd
86%
wouldn't
86%
down
83%
life
83%
ready
83%
body
82%
places
82%
[Bridge]But
81%
losing
80%
rotting
80%
momentum
76%
by
72%
pulling
72%
its
71%
[Intro]One
71%
passing
71%
pieces
71%
two
71%
patience
70%
the
68%
blood
67%
are
66%
wearing
65%
ground
64%
falling
63%
fate
62%
ways
62%

Score Distribution

Percentile by Number Answered

Percent of People with Each Score

Your Score History

You have not taken this quiz